000 00610nam a2200193 a 4500
001 000010989
005 20240412074222.0
008 091013s1992 dr 001 p spa d
040 _aDO-SdBNP
_bspa
_cBNPHU
082 _aRD861.44
_bV422i
100 1 _aVega, Joann Rita
_926406
245 1 0 _aIdentidad :
_bpoemas para el quingentésimo aniversario /
_cJoann Rita Vega.
260 _aSanto Domingo :
_bTaller,
_c1992.
300 _a77 p. ;
_c21 cm.
590 _aInventariado, 2019/LP
650 0 _aPoesía dominicana
_966
650 0 _aLiteratura dominicana.
_967
910 _aValidado. Control de calidad BNPHU
999 _c10727
_d10727